Prénoms de garçons les plus populaires au Québec en 2019 - Statistiques

Statistiques générales
  • Ce quiz a été pris 123 fois
  • Le résultat moyen est 47 sur 100
Statistiques - réponses
% Correct
Antoine
84%
Léo
84%
Jules
83%
William
82%
Charles
81%
Thomas
81%
Alex
78%
Louis
78%
Julien
74%
Olivier
74%
Sam
71%
Alexandre
70%
Samuel
70%
Alexis
68%
Louka
66%
Lucas
66%
Nathan
66%
Théo
66%
Vincent
66%
Anthony
65%
Gabriel
64%
Justin
62%
Nicolas
62%
Rafaël
62%
Raphaël
62%
Noah
61%
Paul
61%
Xavier
60%
Mathis
58%
Victor
58%
Eli
57%
Henri
57%
Laurent
57%
Léon
57%
Liam
57%
Lyam
57%
Arthur
56%
Étienne
55%
Émile
53%
David
52%
Mateo
52%
Matheo
52%
Matteo
52%
Philippe
52%
Benjamin
51%
Félix
51%
Hugo
51%
Eliot
49%
Eliott
49%
Elliot
49%
Zack
49%
Édouard
48%
Ethan
48%
Tom
48%
Zachary
45%
Zackary
45%
Jack
44%
Mathias
44%
Arnaud
43%
Enzo
42%
Jacob
42%
Evan
40%
Loïc
40%
Loïk
40%
Clément
39%
Nolan
39%
Adam
38%
Logan
38%
Ludovic
36%
James
35%
Léonard
35%
Théodore
35%
Tristan
35%
Dylan
34%
Michaël
34%
Éloi
32%
Rayan
32%
Ryan
32%
Maxence
31%
Axel
30%
Damien
30%
Isaac
30%
Adrien
27%
Jayden
26%
Jordan
26%
Ayden
25%
Hayden
25%
Jake
25%
Hubert
23%
Malik
21%
Jackson
19%
Milan
19%
Albert
18%
Caleb
18%
Joshua
17%
Elias
14%
Maverick
12%
Tyler
12%
Mason
8%
Mayson
8%
Aucun quiz correspondant
Distribution des résultats
% des personnes avec chaque résultat
Percentile par nombre de réponses
Votre historique - résultats
Vous n’avez pas pris ce quiz